| 000 | 00377nam a2200145Ia 4500 | ||
|---|---|---|---|
| 008 | 190717s9999 xx 000 0 und d | ||
| 100 | _aParungao, Regina Mae | ||
| 245 | _aHow Jo E's passion for music beat all odds/ | ||
| 245 | _cRegina Mae Parungao | ||
| 260 | _bManila Bulletin | ||
| 260 | _c2018 | ||
| 300 | _aOctober 17 | ||
| 440 | _aManila Bulletin | ||
| 650 | _aMusic | ||
| 999 |
_c362000 _d362000 |
||